<?xml version="1.0" encoding="UTF-8"?><?xml-stylesheet type="text/xsl" href="static/style.xsl"?><OAI-PMH xmlns="http://www.openarchives.org/OAI/2.0/" xmlns:xsi="http://www.w3.org/2001/XMLSchema-instance" xsi:schemaLocation="http://www.openarchives.org/OAI/2.0/ http://www.openarchives.org/OAI/2.0/OAI-PMH.xsd"><responseDate>2026-04-13T04:04:39Z</responseDate><request verb="GetRecord" identifier="oai:www.recercat.cat:2072/462882" metadataPrefix="marc">https://recercat.cat/oai/request</request><GetRecord><record><header><identifier>oai:recercat.cat:2072/462882</identifier><datestamp>2026-03-21T04:05:51Z</datestamp><setSpec>com_2072_98</setSpec><setSpec>col_2072_378192</setSpec></header><metadata><record xmlns="http://www.loc.gov/MARC21/slim" xmlns:dcterms="http://purl.org/dc/terms/" xmlns:xsi="http://www.w3.org/2001/XMLSchema-instance" xmlns:doc="http://www.lyncode.com/xoai" xsi:schemaLocation="http://www.loc.gov/MARC21/slim http://www.loc.gov/standards/marcxml/schema/MARC21slim.xsd">
   <leader>00925njm 22002777a 4500</leader>
   <datafield ind2=" " ind1=" " tag="042">
      <subfield code="a">dc</subfield>
   </datafield>
   <datafield ind2=" " ind1=" " tag="720">
      <subfield code="a">Zhang, Congcong</subfield>
      <subfield code="e">author</subfield>
   </datafield>
   <datafield ind2=" " ind1=" " tag="720">
      <subfield code="a">Guisasola, Albert</subfield>
      <subfield code="e">author</subfield>
   </datafield>
   <datafield ind2=" " ind1=" " tag="720">
      <subfield code="a">Baeza, Juan Antonio</subfield>
      <subfield code="e">author</subfield>
   </datafield>
   <datafield ind2=" " ind1=" " tag="260">
      <subfield code="c">2022</subfield>
   </datafield>
   <datafield ind2=" " ind1=" " tag="520">
      <subfield code="a">Altres ajuts: acords transformatius de la UAB</subfield>
   </datafield>
   <datafield ind2=" " ind1=" " tag="520">
      <subfield code="a">Phosphorus (P), an essential nutrient for all organisms, urgently needs to be recovered due to the increasing demand and scarcity of this natural resource. Recovering P from wastewater is a feasible and promising way widely studied nowadays due to the need to remove P in wastewater treatment plants (WWTPs). When enhanced biological P removal (EBPR) is implemented, an innovative option is to recover P from the supernatant streams obtained in the mainstream water line, and then combine it with liquor-crystallisation recovery processes, being the final recovered product struvite, vivianite or hydroxyapatite. The basic idea of these mainstream P-recovery strategies is to take advantage of the ability of polyphosphate accumulating organisms (PAO) to increase P concentration under anaerobic conditions when some carbon source is available. This work shows the mainstream P-recovery technologies reported so far, both in continuous and sequenced batch reactors (SBR) based configurations. The amount of extraction, as a key parameter to balance the recovery efficiency and the maintenance of the EBPR of the system, should be the first design criterion. The maximum value of P-recovery efficiency for long-term operation with an adequate extraction ratio would be around 60%. Other relevant factors (e.g. COD/P ratio of the influent, need for an additional carbon source) and operational parameters (e.g. aeration, SRT, HRT) are also reported and discussed.</subfield>
   </datafield>
   <datafield tag="653" ind2=" " ind1=" ">
      <subfield code="a">Configurations</subfield>
   </datafield>
   <datafield tag="653" ind2=" " ind1=" ">
      <subfield code="a">Enhanced biological phosphorus removal (EBPR)</subfield>
   </datafield>
   <datafield tag="653" ind2=" " ind1=" ">
      <subfield code="a">Mainstream</subfield>
   </datafield>
   <datafield tag="653" ind2=" " ind1=" ">
      <subfield code="a">Phosphorus recovery</subfield>
   </datafield>
   <datafield tag="653" ind2=" " ind1=" ">
      <subfield code="a">Precipitation</subfield>
   </datafield>
   <datafield ind2="0" ind1="0" tag="245">
      <subfield code="a">A review on the integration of mainstream P-recovery strategies with enhanced biological phosphorus removal</subfield>
   </datafield>
</record></metadata></record></GetRecord></OAI-PMH>